Costanti fisiche - Quiz n°1 - Statistics

Statistiche generali
  • Questo quiz è stato fatto 192 volte
  • Il punteggio medio è 4 su 8
Statistiche sulle risposte
Hint Risposta % Corretto
299 792 458 Velocità della luce
80%
8,314 472 Costante dei gas
54%
4π × 10^−7 Permeabilità del vuoto
52%
6,626 070 15 × 10^-34 Costante di Planck
48%
9,109 381 88× 10^−31 Massa a riposo dell'elettrone
48%
1,660 538 73 × 10^−27 Unità di massa atomica
47%
22,710 981 Volume molare per gas ideale a 1 bar, 0 °C
46%
4π × 10^−7 Costante di Boltzmann
39%
Nessun quiz corrispondente trovato
Distribuzione punteggi
Percentuale di utenti per punteggio
Percentile per numero di risposta
I tuoi punteggi nel tempo
Non hai fatto questo quiz